|
|
|
|
| LEADER |
00735nam a2200145Ia 4500 |
| 008 |
150624b xxu||||| |||| 00| 0 eng d |
| 082 |
|
|
|a 651.3
|
| 100 |
|
|
|a Chopra, R. K.
|
| 245 |
|
|
|a Office organization and management /
|c R. K. Chopra
|
| 260 |
|
|
|a Bombay :
|b Himalaya Publishing,
|c 1980.
|
| 300 |
|
|
|a No.sl.no.
|
| 505 |
|
|
|a 1. Modern office and its function 2. Office management 3. Office organisation 4. Office accommodation 5. Office environment 6. Office systems and procedures 7. Office services 8. Office machines and equipment 9. Office forms: Design, management control 10
|
| 942 |
|
|
|c BK
|
| 999 |
|
|
|c 36537
|d 36537
|
| 952 |
|
|
|0 0
|1 0
|4 0
|6 651_300000000000000_CHO_O
|7 0
|9 36536
|a UL
|b UL
|c ST2
|d 1998-09-07
|l 0
|o 651.3 CHO/O
|p 52220
|r 2012-10-27
|w 2012-10-27
|y BK
|